KOHA-Header-6

Database Management Systems (Record no. 2641)

000 -LEADER
fixed length control field 00363nam a2200157Ia 4500
003 - CONTROL NUMBER IDENTIFIER
control field OSt
005 - DATE AND TIME OF LATEST TRANSACTION
control field 20190918193632.0
008 - FIXED-LENGTH DATA ELEMENTS--GENERAL INFORMATION
fixed length control field 190902s9999||||xx |||||||||||||| ||und||
020 ## - INTERNATIONAL STANDARD BOOK NUMBER
International Standard Book Number 978-8120342774
040 ## - CATALOGING SOURCE
Transcribing agency maju
100 ## - MAIN ENTRY--PERSONAL NAME
Personal name R. Panneerselvam
245 #0 - TITLE STATEMENT
Title Database Management Systems
260 ## - PUBLICATION, DISTRIBUTION, ETC. (IMPRINT)
Place of publication, distribution, etc India
Name of publisher, distributor, etc S. Chand
Date of publication, distribution, etc 2002
300 ## - PHYSICAL DESCRIPTION
Extent 277
942 ## - ADDED ENTRY ELEMENTS (KOHA)
Koha item type Books
Source of classification or shelving scheme
Holdings
Withdrawn status Lost status Source of classification or shelving scheme Damaged status Not for loan Collection code Permanent Location Current Location Shelving location Date acquired Total Checkouts Barcode Date last seen Date checked out Price effective from Koha item type
          Computer Science MAJU MAJU Shelf No.A32 2019-09-02 1 6266 2019-09-04 2019-09-03 2019-09-02 Computer Science

Powered by Koha